Statistics for US Presidents - 1 Minute Sprint

Click here to take the quiz!

General Stats

  • This quiz has been taken 140,301 times
    (5,672 since last reset)
  • The average score is 30 of 45

Answer Stats

TermPresident% Correct
2017–2021Donald Trump
94%
1989–1993George H.W. Bush
93%
2009–2017Barack Obama
93%
2001–2009George W. Bush
93%
2021–Joe Biden
92%
1789–1797George Washington
90%
1933–1945Franklin D. Roosevelt
87%
1993–2001Bill Clinton
86%
1797–1801John Adams
84%
1825–1829John Quincy Adams
84%
1901–1909Theodore Roosevelt
84%
1981–1989Ronald Reagan
82%
1963–1969Lyndon B. Johnson
81%
1961–1963John F. Kennedy
81%
1969–1974Richard Nixon
79%
1861–1865Abraham Lincoln
78%
1865–1869Andrew Johnson
78%
1977–1981Jimmy Carter
77%
1974–1977Gerald R. Ford
75%
1801–1809Thomas Jefferson
73%
1953–1961Dwight D. Eisenhower
68%
1945–1953Harry Truman
67%
1829–1837Andrew Jackson
62%
1929–1933Herbert Hoover
62%
1909–1913William Taft
60%
1817–1825James Monroe
59%
1809–1817James Madison
59%
1889–1893Benjamin Harrison
58%
1841William Henry Harrison
58%
1913–1921Woodrow Wilson
57%
1869–1877Ulysses S. Grant
55%
1923–1929Calvin Coolidge
53%
1845–1849James K. Polk
52%
1841–1845John Tyler
51%
1885–1889, 1893–189Grover Cleveland
50%
1849–1850Zachary Taylor
49%
1837–1841Martin Van Buren
46%
1921–1923Warren Harding
44%
1881James Garfield
42%
1857–1861James Buchanan
41%
1850–1853Millard Fillmore
40%
1877–1881Rutherford B. Hayes
40%
1897–1901William McKinley
40%
1853–1857Franklin Pierce
39%
1881–1885Chester A. Arthur
36%

Score Distribution

Percentile by Number Answered

Percent of People with Each Score

Your Score History

You have not taken this quiz since the last reset